banner koha

A fauna do estrago no Brejo da Madre dwe Deus, PE (Registro n. 297917)

MARC details
000 -LÍDER
campo de controle de tamanho fixo 00915nac a22002657a 4500
001 - NÚMERO DE CONTROLE
campo de controle BR2014001483
003 - IDENTIFICADOR DO NÚMERO DE CONTROLE
campo de controle BR-BrBNA
005 - DATA E HORÁRIO DA ÚLTIMA TRANSAÇÃO
campo de controle 20240105124011.0
008 - CAMPO DE DADOS FIXOS--INFORMAÇÃO GERAL
campo de controle de tamanho fixo 230509b bl.|||m| |||| 00| 0 por d
040 ## - FONTE DA CATALOGAÇÃO
Instituição da catalogação original BR-BrBNA
Idioma da catalogação por
Instituição que transcreveu o registro Biblioteca Nacional de Agricultura
072 ## - CÓDIGO DE CATEGORIA DE ASSUNTO
Código de Categoria de Assunto P32
090 ## - NÚMERO DE CHAMADA LOCAL
Número de chamada P32 BR2014001483
100 1# - ENTRADA PRINCIPAL--NOME PESSOAL
Nome pessoal Lima, J.M.D. de
110 1# - ENTRADA PRINCIPAL--NOME CORPORATIVO
Nome corporativo ou nome da jurisdição Instituto Anchietano de Pesquisas, São Leopoldo, RS (Brasil)
9 (RLIN) 5670
245 1# - TÍTULO
Título A fauna do estrago no Brejo da Madre dwe Deus, PE
260 3# - PUBLICAÇÃO, DISTRIBUIÇÃO, ETC.
Local de publicação, distribuição, etc. São Leopoldo, RS (Brasil):
Data da publicação, distribuição, etc. 2012.
300 ## - DESCRIÇÃO FÍSICA
Extensão 159 p.
490 ## - TÍTULO DA SÉRIE
Título da série Pesquisas. Antropologia - Instituto Anchietano de Pesquisas (Brazil)
Número do volume ou designação sequencial da série no. 69
ISSN - International Standard Serial Number ISSN 0553-8467
500 ## - NOTA GERAL
Nota geral Summaries (En, Pt); 28 illus.; Bibliography p. 108-114
650 ## - ASSUNTO--TERMO TÓPICO
Cabeçalho tópico ou nome geográfico GEOLOGIA
650 ## - ASSUNTO--TERMO TÓPICO
Cabeçalho tópico ou nome geográfico CLASSIFICAÇAO DO SOLO
650 ## - ASSUNTO--TERMO TÓPICO
Cabeçalho tópico ou nome geográfico PALEONTOLOGIA
909 ## -
-- 202312
-- Lúcia Elande
-- 55
-- Lúcia Elande
942 ## - ELEMENTOS DE ENTRADA ADICIONADOS (KOHA)
Fonte da classificação ou esquema de arquivamento na estante Classificação AGRIS
Ocultar no OPAC Não
Tipo de material Koha Monografia Seriada
Exemplares
Situação do descarte Fonte da classificação ou esquema de arquivamento na estante Situação física Não pode ser emprestado Coleção Biblioteca de origem Biblioteca atual Localização na estante Total de empréstimos Número de telefone completo Código de barras Data de último acesso Tipo de material Koha Fonte de aquisição
  Classificação AGRIS       Biblioteca Nacional de Agricultura - Binagri Biblioteca Nacional de Agricultura - Binagri Agrobase - Acervo Geral   P32 BR2014001483 P32 BR2014001483 18/12/2023 Monografia Seriada Portaria Interministerial nº 164/94

BINAGRI

Telefone: (61)3218-2567/2388/3357/2097 - binagri@agro.gov.br

Ministério da Agricultura e Pecuária , Esplanada dos Ministérios, Bloco D, Anexo B, Brasília/DF, CEP: 70.043-900